000 00483nam a2200181Ia 4500
005 20250326124103.0
008 250326s9999 xx 000 0 und d
037 _aTextbook
040 _aFMSL
_beng
_cFMSL
041 _aeng
_2eng
084 _aX;5.1 L2
_qFMSL
100 _aHeck H J
245 0 _aInternational trade
_cHeck H J
260 _aUSA
_bUSA, American Management Association
_c1972
300 _a182p
942 _cTB
_hX;5.1 L2
999 _c1272224
_d1272224